MARC

LEADER 00000nam0a2200000 4500
001 281765
005 20231101235431.0
035 |a (RuTPU)RU\TPU\book\305612 
090 |a 281765 
100 |a 20150126d1984 k y0rusy50 ca 
101 0 |a rus 
102 |a RU 
105 |a a g 001zy 
200 1 |a Справочник по оптимизационным задачам в АСУ  |f В. А. Бункин [и др.] 
210 |a Ленинград  |c Машиностроение  |d 1984 
215 |a 212 с.  |c ил. 
320 |a Библиогр.: с. 208-209 
606 1 |a Машиностроение  |x Автоматизация  |2 stltpush  |3 (RuTPU)RU\TPU\subj\41421  |9 61213 
610 1 |a автоматизированные системы управления 
610 1 |a АСУ 
610 1 |a оптимизация 
610 1 |a задачи 
610 1 |a справочники 
610 1 |a оптимальное планирование 
610 1 |a оптимальное управление 
675 |a 621.002:58.5.011.56(035)  |v 4 
701 1 |a Бункин  |b В. А. 
701 1 |a Колев  |b Д. 
701 1 |a Курицкий  |b Б. Я. 
701 1 |a Максименко  |b А. Н. 
801 1 |a RU  |b 63413507  |c 20150126 
801 2 |a RU  |b 63413507  |c 20220601  |g RCR 
942 |c BK